<?xml version="1.0" encoding="UTF-8"?>
<record
    xmlns:xsi="http://www.w3.org/2001/XMLSchema-instance"
    xsi:schemaLocation="http://www.loc.gov/MARC21/slim http://www.loc.gov/standards/marcxml/schema/MARC21slim.xsd"
    xmlns="http://www.loc.gov/MARC21/slim">

  <leader>02646nam a22001937a 4500</leader>
  <controlfield tag="008">170812s2015        gt||||| |||| 00| 0 spa d</controlfield>
  <datafield tag="082" ind1="0" ind2="4">
    <subfield code="a">700.29</subfield>
    <subfield code="b">O127s</subfield>
  </datafield>
  <datafield tag="110" ind1="1" ind2=" ">
    <subfield code="a">Juannio.</subfield>
    <subfield code="9">5898</subfield>
  </datafield>
  <datafield tag="245" ind1="1" ind2="0">
    <subfield code="a">Subasta de arte Latinoamericano Juannio 2015 /</subfield>
    <subfield code="c">Juannio.</subfield>
  </datafield>
  <datafield tag="250" ind1=" " ind2=" ">
    <subfield code="a">1a edici&#xF3;n.</subfield>
  </datafield>
  <datafield tag="260" ind1=" " ind2=" ">
    <subfield code="a">Guatemala :</subfield>
    <subfield code="b">Banco Industrial,</subfield>
    <subfield code="c">2015.</subfield>
  </datafield>
  <datafield tag="300" ind1=" " ind2=" ">
    <subfield code="a">158 p&#xE1;ginas :</subfield>
    <subfield code="b">ilustraciones en color.</subfield>
  </datafield>
  <datafield tag="505" ind1="0" ind2=" ">
    <subfield code="t">Obras ganadoras </subfield>
    <subfield code="r">Edgar Calel, Gabriel Rodr&#xED;guez Pellecer, Tepeu Choc, Esvin Alarc&#xF3;n, Ronny Hern&#xE1;ndez Salazar y Jos&#xE9; Manuel Mayorga Satavia.</subfield>
    <subfield code="t">Obras seleccionadas</subfield>
    <subfield code="r">Manuel David Saquix, Pablo L&#xF3;pez, Miguel Arturo Reyes, M&#xF3;nica Oseida, Pablo Estuardo P&#xE9;rez, Gustavo Adolfo Chac&#xF3;n, Nora P&#xE9;rez, F&#xE1;yimca Anzueto, Mauricio Contreras-Paredes, Diego Sagastume, Andrea Monroy Palacios, In&#xE9;s Verdugo, Carlos David Escobar Polanco, Jorge Linares y Alejandro Medina.</subfield>
    <subfield code="t">Artistas invitados</subfield>
    <subfield code="r">Antonia Matos, Carlos M&#xE9;rida, Ram&#xF3;n &#xC1;vila, Rafael Fern&#xE1;ndez, Fernando Carballo, Magda Eunice S&#xE1;nchez, Mariadolores Castellanos, Marco Augusto Quiroa, Roberto Cabrera, Rolando Ixquiac Xicar&#xE1;, Elmar Ren&#xE9; Rojas, Luis D&#xED;az, Jorge Mazariegos Rodr&#xED;guez, Jos&#xE9; Luis &#xC1;lvarez, Jes&#xFA;s Rafael Soto, S&#xE9;rvulo Esmeraldo, Fernando Varela, Alejandro Scasso, Cristina Hauk, Antonio Pichill&#xE1;, Patricia Salamonde, Rudy Cotton, Andr&#xE9;s Asturias, Josu&#xE9; Romero, Cesar Izquierdo, Paulo Whitaker, Koan Duran, Marc Monteleone, Vivian Suter, Marlov Barrios, Sandra Monterroso, Guillermo Maldonado, Ad&#xE1;n Vallecillo, Chung Kwang-Young, Sara Slipchinsky, Pablo Boneu, Julio Zadik, Daniel Chauche, &#xC9;rica Murallles Hazbun, Diana Fern&#xE1;ndez, Patrick Hamilton, Dar&#xED;o Escobar, Jamie Bischof, Francisco Sobrino, Dennus Leer, Jos&#xE9; Toledo,Edwin Jos&#xE9; Bixcul, Benvenuto Chavajay, Norman Morales, Alejandra Mastro, M&#xF3;nica Serra, Amber Rose, Federico Herrero, Luciano Goizueta, Luisa Gonz&#xE1;lez, Jos&#xE9; Pablo Ure&#xF1;a, Thomas Glassford, Isabel Hooft, Rodrigo Xamora, Francisco Garc&#xED;a, Jorge de Le&#xF3;n, Regina Jos&#xE9; Galindo, Luis Gonz&#xE1;lez Palma, Liliana Porter,Mois&#xE9;s Barrios, Alex Cuchilla, Alfredo Garc&#xED;a, Alfredo Ceibal, Rafael Dussan, Sebasti&#xE1;n Barrientos, Erick Mench&#xFA;, Marcelo Suaznabar, Arnoldo Ram&#xED;rez Amaya, Max Leiva, Jonathan Ard&#xF3;n, Liza Marzolo, M&#xF3;nica Torrebiarte, Sergio Valenzuela, Naufus Ram&#xED;rez-Figueroa, Arturo Monroy, Hern&#xE1;n Sosa, Jorge Mazariesgos Maldonado, Sim&#xF3;n Vega, &#xC1;ngel Poy&#xF3;n, Cecilia Paredes, Stefano Guindani, Walterio Iraheta, Luis Cornejo, Manny Rionda y Adriana Cora. </subfield>
  </datafield>
  <datafield tag="653" ind1="1" ind2="0">
    <subfield code="a">Arte contempor&#xE1;neo</subfield>
  </datafield>
  <datafield tag="653" ind1="1" ind2="0">
    <subfield code="a">Arte Latinoamericano</subfield>
  </datafield>
  <datafield tag="653" ind1="1" ind2="0">
    <subfield code="a">Subastas</subfield>
  </datafield>
  <datafield tag="653" ind1="1" ind2="0">
    <subfield code="a">Cat&#xE1;logo de obras</subfield>
  </datafield>
  <datafield tag="653" ind1="1" ind2="0">
    <subfield code="a">Artistas latinoamericanos</subfield>
  </datafield>
  <datafield tag="999" ind1=" " ind2=" ">
    <subfield code="c">1244</subfield>
    <subfield code="d">1244</subfield>
  </datafield>
  <datafield tag="952" ind1=" " ind2=" ">
    <subfield code="0">0</subfield>
    <subfield code="1">0</subfield>
    <subfield code="2">ddc</subfield>
    <subfield code="4">0</subfield>
    <subfield code="7">0</subfield>
    <subfield code="a">LV</subfield>
    <subfield code="b">LV</subfield>
    <subfield code="c">Eventos y Bienales</subfield>
    <subfield code="d">2017-08-12</subfield>
    <subfield code="l">0</subfield>
    <subfield code="o">700.29 O127s</subfield>
    <subfield code="p">004418</subfield>
    <subfield code="r">2017-08-12 00:00:00</subfield>
    <subfield code="w">2017-08-12</subfield>
    <subfield code="y">01</subfield>
  </datafield>
</record>
